00856nam a2200205Ia 4500001000700000003000500007008004100012010001100053040000900064100003200073245026400105260004100369300002900410502007600439650002800515650002700543650001800570650003100588700003100619Z_3605CHAP220113s2001 xx 000 0 und d a166688 cCHAP aGonzález Alvarado, René aEvaluación del comportamiento productivo en monocultivo entre Tilapía nilotica (Oreochromis niloticus L.) y Tilapía blanca (Oreochromis rocky mountain var. white) en estanques estacionarios /cpor René González Alvarado y Valentín Plasencia Vega aChapingo, Méx. :bEl autor,c2001 a61 h. ; ilus. : gráfs. aTesis (Ing. Agr. Esp. en Zootecnia) -- UACH. Departamento de Zootecnia aEstanques piscícolas  aPecesxInvestigación aPiscicultura  7aTilapia (nombre común)2 aPlasencia Vega, Valentín